Dağın Öteki Yüzü : Öyküyle Roman Arasında Gezinen Bir Anlatı (Record no. 2993)

000 -LEADER
fixed length control field 00524nam a22001817a 4500
008 - FIXED-LENGTH DATA ELEMENTS--GENERAL INFORMATION
fixed length control field 190114b ||||| |||| 00| | eng d
020 ## - INTERNATIONAL STANDARD BOOK NUMBER
International Standard Book Number 9751405092
041 ## - LANGUAGE CODE
Language code of text/sound track or separate title Türkçe
050 ## - LIBRARY OF CONGRESS CALL NUMBER
Classification number PL248.A745
100 ## - MAIN ENTRY--PERSONAL NAME
9 (RLIN) 942
Personal name Atasü, Erendiz
245 ## - TITLE STATEMENT
Title Dağın Öteki Yüzü : Öyküyle Roman Arasında Gezinen Bir Anlatı
250 ## - EDITION STATEMENT
Edition statement 1.Basım
260 ## - PUBLICATION, DISTRIBUTION, ETC.
Place of publication, distribution, etc. İstanbul:
Name of publisher, distributor, etc. Remzi Kitabevi,
Date of publication, distribution, etc. Kasım 1995
300 ## - PHYSICAL DESCRIPTION
Extent 285 Sayfa
500 ## - GENERAL NOTE
General note Günümüz Türk Yazarları : 24
650 #0 - SUBJECT ADDED ENTRY--TOPICAL TERM
9 (RLIN) 145
Topical term or geographic name entry element Türk Edebiyatı
942 ## - ADDED ENTRY ELEMENTS (KOHA)
Source of classification or shelving scheme
Koha item type Books
Holdings
Withdrawn status Lost status Source of classification or shelving scheme Damaged status Not for loan Permanent Location Current Location Shelving location Date acquired Full call number Barcode Date last seen Price effective from Koha item type
        Ödünç verilemez İmren Ahmet Tüzün Kütüphanesi İmren Ahmet Tüzün Kütüphanesi Ahmet Tüzün 2019-01-14 PL248.A745 100100002941 2019-01-14 2019-01-14 Books

This software was implemented, installed and managed by Devinim Software Training Consulting .